| 000 | 02666cas a2200757 4500 | ||
|---|---|---|---|
| 001 | data | ||
| 005 | 20260322212117.0 | ||
| 008 | data | ||
| 010 | _a 56042452 | ||
| 016 | 7 |
_a18940360R _2DNLM |
|
| 016 | 7 |
_aN09820000 _2DNLM |
|
| 016 | _a(AMICUS)000001677090 | ||
| 016 | 7 |
_a012418069 _2Uk |
|
| 019 | _a1032834180 | ||
| 022 |
_a0028-1271 _257 |
||
| 023 | 0 |
_a0028-1271 _257 |
|
| 029 | 1 |
_aAU@ _b000000892198 |
|
| 029 | 1 |
_aNLGGC _b850723515 |
|
| 029 | 1 |
_aNLM _b18940360R |
|
| 029 | 1 |
_aNLC _b000001677090 |
|
| 029 | 1 |
_aUKMGB _b012418069 |
|
| 030 | _aNAPOAO | ||
| 035 | _a(OCoLC)1759524 | ||
| 040 |
_aDLC _beng _cMUL _dOCLCQ _dCOO _dDLC _dRCS _dAIP _dIUL _dOCL _dNST _dHUL _dIUL _dDLC _dNLM _dOCLCQ _dNYDWH _dOCLCQ _dAUD _dIUL _dOCLCF _dAGL _dOCLCQ _dOCLCO _dNLC _dUKMGB _dOCLCO _dOCLCA _dIUL _dOCLCL _dOCLCQ |
||
| 041 | 0 |
_arus _beng _arus _feng _arus |
|
| 042 | _apcc | ||
| 050 | 0 | 0 |
_aAS261 _b.N3 |
| 060 | 0 | 0 |
_aW1 _bNA9857 |
| 070 | 0 |
_a475 _bN223 |
|
| 210 | 0 | _aNauka pol. | |
| 222 | 0 | _aNauka polska | |
| 245 | 0 | 0 | _aNauka polska. |
| 260 |
_aWrocław _bPolska Akademia Nauk. |
||
| 300 |
_a41 volumes _billustrations, portraits, maps _c24 cm |
||
| 310 |
_aMonthly, _b1982- |
||
| 321 |
_aQuarterly, _b1953-<58> |
||
| 321 |
_a12 no. a year, _b<1976-> |
||
| 336 |
_atext _btxt _2rdacontent |
||
| 337 |
_aunmediated _bn _2rdamedia |
||
| 338 |
_avolume _bnc _2rdacarrier |
||
| 362 | 0 | _ar. 1-41 (nr. 1-271); 1953-93. | |
| 515 | _aVol. <24, no. 12> also called <138> | ||
| 515 | _aVol. 38 repeated in numbering on issues for 1990-1991. | ||
| 525 | _aIncludes supplements. | ||
| 546 | _aTables of contents also in English and Russian; summaries in English and Russian. | ||
| 550 | _aOrgan of Polska Akademia Nauk. | ||
| 650 | 0 |
_aScience _vPeriodicals. |
|
| 650 | 2 | _aScience. | |
| 650 | 7 |
_aScience. _2fast _0(OCoLC)fst01108176 |
|
| 650 | 7 |
_aSCIENCE. _2unbist |
|
| 650 | 7 |
_aSCIENCE AND TECHNOLOGY. _2unbist |
|
| 655 | 2 | _aPeriodical. | |
| 655 | 7 |
_aPeriodicals. _2fast _0(OCoLC)fst01411641 |
|
| 710 | 2 |
_aPolska Akademia Nauk. _1https://id.oclc.org/worldcat/entity/E39QH7JmqFydK668KmQ9QjYKtg |
|
| 776 | 0 | 8 |
_iOnline version: _tNauka polska _w(OCoLC)559684600 |
| 780 | 0 | 5 |
_tSprawozdania z czynności i prac _g1956 |
| 785 | 0 | 0 |
_tNauka (Wrocław, Poland) _x1231-8515 _w(OCoLC)31177352 _w(OCoLC)31177352 |
| 906 |
_a7 _bcbc _cserials _d3 _encip _f19 _gn-oclcserc |
||
| 590 | _aSERBIB/SERLOC merged record | ||
| 890 |
_aNauka polska (Polska Akademia Nauk). Warszawa, 1953- _i56-42452 |
||
| 920 | _aKeep 1 | ||
| 991 |
_bc-GenColl _hAS261 _i.N3 _wSERIALS |
||
| 991 |
_bc-GenColl _hAS261 _i.N3 _p00053210582 _tCopy 1 _v1991 _wCCF |
||
| 992 |
_bcall x7-5305 _wSERLOC |
||
| 999 |
_c1772 _d1772 |
||